Fundamentals of neural networks : architectures, algorithms, and applications

Αποθηκεύτηκε σε:
Λεπτομέρειες βιβλιογραφικής εγγραφής
Κύριος συγγραφέας: Fausett, Laurene
Μορφή: Βιβλίο
Γλώσσα:English
Δημοσίευση: Englewood Cliffs, NJ : Prentice Hall, c1994
Θέματα:
Ετικέτες: Προσθήκη ετικέτας
Δεν υπάρχουν, Καταχωρήστε ετικέτα πρώτοι!

MARC

LEADER 00000nam a2200000 i 4500
001 1/58138
008 951207s1994 eng d
020 |a 0-13-042250-9 
035 |a 1995  |c ΔΑΡΖΕΝΤΑΣ  |l 10045857 
040 |a GR-MY-UA  |b gre  |e aacr 
041 0 |a eng 
082 0 |a 006.3 
100 1 |a Fausett, Laurene. 
245 1 0 |a Fundamentals of neural networks :  |b architectures, algorithms, and applications /  |c Laurene Fausett 
260 |a Englewood Cliffs, NJ :   |b Prentice Hall,   |c c1994 
300 |a xvi, 461 p.;  |b ill.;  |c 24 cm. 
500 |a Includes bibliographical references and index 
650 0 0 |a Neural networks (Computer science) 
852 |a INST  |b SAMOS  |e 19951207  |h 006.3 FAU  |p 005300004997  |q 005300004997  |t BK  |y 0 
909 |a Σ  |b 042111